Datum a čas kvízu
31
Celkem bodů
Celkový počet nahraných bodů na tomto kvízu bez doplňovacích otázek.
13.
Pořadí na kvízu
Konečné umístění týmu na tomto kvízu.
Zaznamenané odpovědi
| # | Otázka | Odpověď | Body | Výsledky |
|---|---|---|---|---|
| 1. | Jedna kavárna na Šumavě zařadi... | o smažený sýr | 1 | |
| 2. | Kterým dvěma politikům praskla... | Andrej Babiš, Emmanuel Macron | 1 | |
| 3. | Fotografií roku 2025 se v sout... | A) konec hlubinné těžby uhlí na Ostravsku | 1 | |
| 4. | Minulý týden se měnilo pořadí... | Michal Strnad | 1 | |
| 5. | Která tenistka zaujala při vst... | Naomi Ósaka | 1 | |
| 6. | Jak se jmenuje italský horolez... | Reinhold Messner | 0 | |
| 7. | Jak se trojslovně jmenuje disc... | lezení na obtížnost | 0 | |
| 8. | Jak se jmenuje tento základní... | dračí smyčka | 0 | |
| 9. | Po půl bodu můžete získat, kdy... | El Capitan, Yosemite | 0.5 | |
| 10. | Jak se jmenuje fenomenální slo... | B) Janja Garnbret | 1 |